000 00218nam a22000857a 4500
008 170109b xxu||||| |||| 00| 0 eng d
100 _92279
_aCBSE
245 _aEnglish Communicative-T-I, T-II
260 _aNew Delhi
_bAPC
_c2011
999 _c5167
_d5167